Score 0/22 Timer 03:00
0 Plays Today
Hint Answer % Correct
_____ PresleyElvis
95.5%
Garth _____Brooks
94.2%
Dolly _____Parton
93.9%
Johnny _____Cash
93.3%
Willie _____Nelson
89.7%
Hank _____Williams
85.6%
Loretta _____Lynn
83.5%
_____ RogersKenny
82.6%
_____ StraitGeorge
80.8%
Conway _____Twitty
79.8%
Waylon _____Jennings
79.5%
Hint Answer % Correct
Merle _____Haggard
79.2%
_____ GillVince
75.1%
Reba _____McEntire
68%
_____ RogersRoy
66.9%
Gene _____Autry
63.6%
Buck _____Owens
58.4%
Tennessee Ernie _____Ford
54.7%
Faron _____Young
49.3%
_____ Dave MaconUncle
40.5%
_____ WilliamsDon
37.3%
Connie _____Smith
25%

Today's Daily Dose

Missing Word
I Hardly Know Her!

Word Ladder
Sentence Ending

Quick Pick
Female Firsts

Get the Picture
Triathlon Sports

Remove Ads.
Support Sporcle.
Get the best of Sporcle when you Go Orange. This ad-free experience offers more features, more stats, and more fun while also helping to support Sporcle. Thank you for becoming a member.

You're not logged in!

Compare scores with friends on all Sporcle quizzes.
OR
Log In

Show Comments

Extras

Top Quizzes Today


Score Distribution

Your Account Isn't Verified!

In order to create a playlist on Sporcle, you need to verify the email address you used during registration. Go to your Sporcle Settings to finish the process.

Report this User

Report this user for behavior that violates our Community Guidelines.

Details: